Top 15 Countries with Covid-19 Cases - 26 July - Statistics

General Stats
  • This quiz has been taken 29 times
  • The average score is 14 of 25
Answer Stats
country % Correct
United States
100%
Russia
96%
India
88%
Brazil
85%
United Kingdom
85%
Italy
77%
Mexico
77%
Spain
77%
South Africa
73%
Colombia
69%
Pakistan
69%
Iran
54%
Chile
50%
Chile
50%
Peru
50%
Sweden
46%
Qatar
38%
Bahrain
35%
Saudi Arabia
35%
Kuwait
27%
Panama
27%
Oman
23%
Armenia
19%
Belarus
19%
Singapore
19%
No matching quizzes found
Score Distribution
Percent of People with Each Score
Percentile by Number Answered
Your Score History
You have not taken this quiz